LEADER 01114nam2-2200373---450- 001 990006139110203316 005 20160411152047.0 010 $a978-88-04-65982-2 035 $a000613911 035 $aUSA01000613911 035 $a(ALEPH)000613911USA01 035 $a000613911 100 $a20140630d2016----km-y0itay50------ba 101 0 $aita 102 $aIT 105 $ay|||||||001yy 200 1 $aA ogni santo la sua candela$eromanzo$fStefano Crupi 210 $aMilano$cMondadori$d2016 215 $a236 p.$d24 cm 225 2 $aScrittori italiani e stranieri 300 $aA pagina IV di copertina: eBook disponibile 410 0$1001000328377$12001$aScrittori italiani e stranieri 606 0 $2BNCF 676 $a853.92 700 1$aCRUPI,$bStefano$0619029 801 0$aIT$bsalbc$gISBD 912 $a990006139110203316 951 $aVI.3. Coll. 7/ 260$b11727 L.G.$cVI.3. Coll.$d387784 959 $aBK 969 $aUMA 979 $aANNAMARIA$b90$c20160411$lUSA01$h1512 979 $aANNAMARIA$b90$c20160411$lUSA01$h1520 996 $aA ogni santo la sua candela$91385967 997 $aUNISA LEADER 01858nam a2200337 i 4500 001 991004140369707536 005 20020509154646.0 008 011128s1995 it ||1 | ita 020 $a8879884344$c100000 035 $ab11271723-39ule_inst 035 $aPARLA196214$9ExL 040 $aDip.to Scienze Storiche Fil. e Geogr.$bita 041 0 $aitamul 082 0 $a251.009022 110 2 $aSocietā internazionale di studi francescani$0167009 245 13$aLa predicazione dei frati dalla metā del '200 alla fine del '300 :$batti del 22. Convegno internazionale, Assisi, 13-15 ottobre 1994 /$cSocietā internazionale di studi francescani, Centro interuniversitario di studi francescani 260 $aSpoleto :$bCentro italiano di studi sull'alto Medioevo,$c1995 300 $aX, 496 p. 32 c. di tav. :$bill. ;$c23 cm 490 0 $aAtti dei convegni della Societa internazionale di studi francescani e del Centro interuniversitario di studi francescani.$pN. S. ;$v5 490 0 $aSISF convegni ;$v22 650 4$aPredicazione$ySec. 13.$xCongressi$y1994 650 4$aSermoni$ySec. 13.$xCongressi$y1994 710 2 $aCentro interuniversitario di studi francescani$eauthor$4http://id.loc.gov/vocabulary/relators/aut$0167010 907 $a.b11271723$b23-02-17$c01-07-02 912 $a991004140369707536 945 $aLE001 251 SOC01.01$g1$i2001000001347$lle001$o-$pE0.00$q-$rl$s- $t0$u0$v0$w0$x0$y.i10032393$z31-05-02 945 $aLE008 FL.M. (f.r.) V B 167$g1$i2008000495329$lle008$o-$pE0.00$q-$rl$s- $t0$u1$v0$w1$x0$y.i10671791$z27-06-02 945 $aLE009 MSM VIII Coll. 18/22$g1$i2009000142695$lle009$o-$pE0.00$q-$rn$so $t0$u1$v0$w1$x0$y.i11435148$z01-07-02 996 $aPredicazione dei frati dalla metā del '200 alla fine del '300$91457350 997 $aUNISALENTO 998 $ale001$ale008$ale009$b01-01-01$cm$da $e-$fita$git $h3$i1